El Salvador: situación económica en 1984 y perspectivas inmediatas

Gespeichert in:
Bibliographische Detailangaben
Körperschaft: CEFSA
Format: Text
Veröffentlicht: San José: CEFSA
Tags: Tag hinzufügen
Keine Tags, Fügen Sie den ersten Tag hinzu!

MARC

LEADER 00000 a a2200000 04500
001 24614
003
040
090 |a 177100  
110 |a CEFSA  
245 |a El Salvador: situación económica en 1984 y perspectivas inmediatas  
260 |a San José:   |b CEFSA  
300 |a 22 p.  
999 |c 11799  |d 11799